=LDR 00000nam 2200000 4500 =001 INLIS000000000047198 =005 20150909124810.0 =006 =007 =008 =020 ##$$a 979-28-0531-4 =035 ##$$0010-091500000000028 =082 ##$$a 372.7 =090 ##$$a 372.7 Nur a =100 ##$$a Aksin, Nur =245 ##$$a Asyiknya Mempelajari Bangun Datar $b Segitiga =260 ##$$a klaten $b intan pariwara $c 2008 =300 ##$$a IV, 52 hlm $b Ilus $c 25 cm =850 ##$$a NBPNMAT =990 ##$$a 0001/BPAP-NTB/2015